Wave mechanics of crystalline solids / (Record no. 11265)
[ view plain ]
| 000 -LEADER | |
|---|---|
| fixed length control field | 00901cam a2200301 4500 |
| 001 - CONTROL NUMBER | |
| control field | 11265 |
| 003 - CONTROL NUMBER IDENTIFIER | |
| rucl marc code | BD-RjUL |
| 005 - DATE AND TIME OF LATEST TRANSACTION | |
| control field | 20211208235110.0 |
| 008 - FIXED-LENGTH DATA ELEMENTS--GENERAL INFORMATION | |
| fixed length control field | 140126t1969 enka b 001 0 eng |
| 020 ## - INTERNATIONAL STANDARD BOOK NUMBER | |
| International Standard Book Number | 0412093707 |
| 035 ## - SYSTEM CONTROL NUMBER | |
| System control number | (BD-RjUL)11314 |
| 040 ## - CATALOGING SOURCE | |
| Original cataloging agency | DLC |
| Transcribing agency | DLC |
| Modifying agency | DLC |
| -- | BD-RjUL |
| Language of cataloging | eng |
| 041 ## - LANGUAGE CODE | |
| Language code of text/sound track or separate title | eng |
| 082 00 - DEWEY DECIMAL CLASSIFICATION NUMBER | |
| Classification number | 548.8 |
| Edition number | 16 |
| Author mark and year | SMW 1969 |
| 100 1# - MAIN ENTRY--PERSONAL NAME | |
| Personal name | Smith, R. A. |
| Fuller form of name | (Robert Allan), |
| Dates associated with a name | 1909- |
| 9 (RLIN) | 28691 |
| 245 10 - TITLE STATEMENT | |
| Title | Wave mechanics of crystalline solids / |
| Statement of responsibility, etc. | [by] R. A. Smith. |
| 250 ## - EDITION STATEMENT | |
| Edition statement | 2nd ed. |
| 260 ## - PUBLICATION, DISTRIBUTION, ETC. (IMPRINT) | |
| Place of publication, distribution, etc. | London : |
| Name of publisher, distributor, etc. | Chapman & Hall, |
| Date of publication, distribution, etc. | 1969. |
| 300 ## - PHYSICAL DESCRIPTION | |
| Pagination | iii-xx, 553 p. : |
| Illustrations | illus. ; |
| Size | 25 cm. |
| 350 ## - PRICE (NR) (BK AM CF MU VM SE) [OBSOLETE] | |
| Price | 6/6/- |
| 500 ## - GENERAL NOTE | |
| General note | "Distributed in the U.S.A. by Barnes & Noble, Inc." |
| 504 ## - BIBLIOGRAPHY, ETC. NOTE | |
| Bibliography, etc | includesBibliographical reference and index. |
| 650 #0 - SUBJECT ADDED ENTRY--TOPICAL TERM | |
| Topical term or geographic name as entry element | Crystals. |
| 9 (RLIN) | 34856 |
| Topical term or geographic name as entry element | Wave mechanics. |
| 9 (RLIN) | 23917 |
| 942 ## - ADDED ENTRY ELEMENTS (KOHA) | |
| Source of classification or shelving scheme | Dewey Decimal Classification |
| Koha item type | Books |
| Lost status | Source of classification or shelving scheme | Damaged status | Not for loan | Collection code | Permanent Location | Current Location | Shelving location | Date acquired | Source of acquisition | Cost, normal purchase price | Total Checkouts | Full call number | Date last seen | Copy number | Koha item type |
|---|---|---|---|---|---|---|---|---|---|---|---|---|---|---|---|
| Dewey Decimal Classification | Non-fiction | Central Library, University of Rajshahi | Central Library, University of Rajshahi | 09/09/1971 | Zeitlinger | 120.00 | 548.8 SMW 1969 | 26/01/2014 | C-2 | Books | |||||
| Dewey Decimal Classification | Not For Loan | Non-fiction | Central Library, University of Rajshahi | Central Library, University of Rajshahi | Reading Room | 09/09/1971 | Zeitlinger | 126.00 | 548.8 SMW 1969 | 25/05/2017 | C-1 | Books |